header

The bi-sexuality of Daniel Defoe (Record no. 231656)

MARC details
000 -LEADER
fixed length control field 01293nam a2200337Ia 4500
100 1# - MAIN ENTRY--AUTHOR NAME
Personal name Abse, Leo.
245 14 - TITLE STATEMENT
Title The bi-sexuality of Daniel Defoe
260 ## - PUBLICATION, DISTRIBUTION, ETC. (IMPRINT)
Place of publication London :
Name of publisher Karnac Books,
Year of publication 2006.
300 ## - PHYSICAL DESCRIPTION
Number of Pages x, 308 p.
650 #0 - SUBJECT ADDED ENTRY--TOPICAL TERM
Topical Term Bisexuality
Topical Term Bisexuality in literature.
Topical Term Authors
Topical Term Literature
Topical Term Psychoanalysis
856 40 - ELECTRONIC LOCATION AND ACCESS
Uniform Resource Identifier http://site.ebrary.com/lib/rucke/Doc?id=10463865

No items available.

© 2026 Rongo University
Contact us: librarian | system librarian | Rongo university